000 00207nam a2200097Ia 4500
008 190216s9999||||xx |||||||||||||| ||und||
100 _aNull
245 0 _aHindi-Boond Nook Para
260 _bNull
942 _cBK
999 _c17252
_d17252